| 000 | 01624nam a2200385 a 4500 | ||
|---|---|---|---|
| 001 | ebr10493488 | ||
| 003 | CaPaEBR | ||
| 006 | m u | ||
| 007 | cr cn||||||||| | ||
| 008 | 110701s2011 enkad sb 001 0 eng d | ||
| 010 | _z 2011377615 | ||
| 020 | _z1848165013 | ||
| 020 | _z9781848165014 | ||
| 020 | _z9781848165021 (e-book) | ||
| 040 |
_aCaPaEBR _cCaPaEBR |
||
| 035 | _a(OCoLC)748104678 | ||
| 050 | 1 | 4 |
_aTA418.7 _b.B38 2011eb |
| 100 | 1 |
_aBatchelor, A. W. _q(Andrew W.) |
|
| 245 | 1 | 0 |
_aMaterials degradation and its control by surface engineering _h[electronic resource] / _cA.W. Batchelor, Loh Nee Lam, Margam Chandrasekaran. |
| 250 | _a3rd ed. | ||
| 260 |
_aLondon : _bImperial College Press ; _aHackensack, N.J. : _bDistributed by World Scientific Pub. Co. Pte. Ltd., _cc2011. |
||
| 300 |
_axv, 403 p. : _bill. |
||
| 504 | _aIncludes bibliographical references and index. | ||
| 505 | 0 | _apt. 1. Mechanisms of materials degradation -- pt. 2. Surface engineering -- pt. 3. Application of control techniques. | |
| 533 |
_aElectronic reproduction. _bPalo Alto, Calif. : _cebrary, _d2011. _nAvailable via World Wide Web. _nAccess may be limited to ebrary affiliated libraries. |
||
| 650 | 0 | _aSurfaces (Technology) | |
| 650 | 0 | _aCorrosion and anti-corrosives. | |
| 650 | 0 | _aMechanical wear. | |
| 650 | 0 | _aFracture mechanics. | |
| 655 | 7 |
_aElectronic books. _2local |
|
| 700 | 1 | _aLoh Nee Lam. | |
| 700 | 1 | _aChandrasekaran, Margam. | |
| 710 | 2 | _aebrary, Inc. | |
| 856 | 4 | 0 |
_uhttp://site.ebrary.com/lib/rucke/Doc?id=10493488 _zAn electronic book accessible through the World Wide Web; click to view |
| 999 |
_c126803 _d126803 |
||